[Event "EU-ch 21st"]
[Site "Reykjavik"]
[Date "2021.08.27"]
[Round "2"]
[White "Hjaltason, Elvar Orn"]
[Black "Koellner, Aaron Noah"]
[Result "0-1"]
[WhiteElo "1702"]
[BlackElo "2248"]
[PlyCount "106"]
[EventDate "2021.08.26"]
[EventType "swiss"]
[EventRounds "11"]
[EventCountry "ISL"]
[SourceTitle "CBM 204"]
[Source "ChessBase"]
[SourceDate "2021.10.31"]
[SourceVersion "1"]
[SourceVersionDate "2021.10.31"]
[SourceQuality "1"]

1. e4 c5 2. Nf3 e6 3. d4 cxd4 4. Nxd4 Nc6 5. Nc3 Qc7 6. Be3 a6 7. Qf3 Bd6 8. 0-0-0 Be5 9. Nxc6 bxc6 10. Bd4 Bf4+ 11. Kb1 Nf6 12. g3 Be5 13. Bxe5 Qxe5 14. Qe3 Rb8 15. f4 Qa5 16. e5 Qa3 17. b3 Nd5 18. Nxd5 cxd5 19. Bd3 a5 20. Rhe1 a4 21. Qc1 Qc5 22. f5 Ra8 23. f6 g6 24. Qe3 Qa3 25. Qc1 axb3 26. Qxa3 bxc2+ 27. Bxc2 Rxa3 28. Kb2 Ra5 29. Rd4 Ba6 30. Bb3 Bb5 31. Rc1 Bc6 32. Rc3 Kd8 33. h4 h5 34. Kc2 Kc7 35. Kb2 d6 36. Re3 dxe5 37. Rxe5 Kd6 38. Re1 Rb8 39. g4 e5 40. Rd2 hxg4 41. Rg1 Rb4 42. Rg3 Ba4 43. Rdg2 Bxb3 44. axb3 Rab5 45. Rxg4 Rxb3+ 46. Kc2 Rb2+ 47. Kc1 Rb1+ 48. Kd2 R5b2+ 49. Ke3 d4+ 50. Kf3 Rf1+ 51. Ke4 Re1+ 52. Kd3 Re3+ 53. Kc4 Rc3# 0-1

[Event "Reykjavik op"]
[Site "Reykjavik"]
[Date "2017.04.21"]
[Round "4"]
[White "Hjaltason, Elvar Orn"]
[Black "Magnussen, Pal"]
[Result "0-1"]
[WhiteElo "1643"]
[BlackElo "1909"]
[PlyCount "54"]
[EventDate "2017.04.19"]
[EventType "swiss"]
[EventRounds "10"]
[EventCountry "ISL"]
[SourceTitle "CBM 178 Extra"]
[Source "ChessBase"]
[SourceDate "2017.06.22"]
[SourceVersion "1"]
[SourceVersionDate "2017.06.22"]
[SourceQuality "1"]

1. Nf3 Nf6 2. c4 g6 3. g3 Bg7 4. Bg2 c5 5. Nc3 Nc6 6. 0-0 0-0 7. d3 d5 8. cxd5 Nxd5 9. Nxd5 Qxd5 10. Be3 Qh5 11. Rc1 b6 12. Ng5 Nd4 13. Bxa8 Nxe2+ 14. Kh1 Bg4 15. f3 Nxg3+ 16. Kg2 Nxf1 17. Qxf1 Bd7 18. Bd5 h6 19. f4 hxg5 20. Qf3 Bg4 21. Qg3 gxf4 22. Qxf4 Qxd5+ 23. Kf2 Qf5 24. Rg1 Qxf4+ 25. Bxf4 Bf5 26. h4 Bd4+ 27. Be3 Bxb2 0-1